| 000 | 00787nam a2200229Ia 4500 | ||
|---|---|---|---|
| 003 | GCL | ||
| 008 | 140319s9999 xx 000 0 ara d | ||
| 040 |
_aGCL / _cGCL |
||
| 082 | 0 | 4 |
_a020.7 _bج م |
| 100 | 1 | _aحسن محمد عبد الشافى | |
| 245 | 1 | 0 |
_aالمعلومات التربوية طبيعتها ومصادرها وخدماتها ومجالات الافادة منها / _cحسن محمد عبد الشافى |
| 260 |
_a[S.N] : _bالدار المصرية اللبنانية ، _c1992 |
||
| 300 | _a244 ص | ||
| 490 | _a | ||
| 650 | 0 | 4 | _aالعلم |
| 650 | 0 | 4 | _aنظم المعلومات |
| 650 | 0 | 4 | _aالمعلومات |
| 650 | 0 | 4 | _aالمكتبات |
| 650 | 0 | 4 | _aتعليم المعلومات |
| 650 | 0 | 4 | _aنظرية المعلومات |
| 942 |
_2ddc _cBK |
||
| 999 |
_c30458 _d30458 |
||